Statistiques concernant Petit Bac #36 - Communes d'Alsace

Cliquez ici pour prendre le quiz!

Statistiques générales

  • Ce quiz a été pris 1 087 fois
    (976 depuis la dernière actualisation)
  • Le résultat moyen est 9 sur 19

Statistiques - réponses

1ère LettreCommune (5.000+ hab.)% Correct
SStrasbourg / Schiltigheim / Saint-Louis / Saverne / Souffelweyersheim / Soultz-Haut-Rhin / Sausheim / Sainte-Marie-aux-Mines / Schweighouse-sur-Moder
95%
CColmar / Cernay
89%
MMulhouse / Molsheim / Mutzig
86%
HHaguenau / Hœnheim / Huningue / Horbourg-Wihr / Habsheim
67%
BBischheim / Bischwiller / Brumath / Brunstatt-Didenheim / Barr / Benfeld
61%
IIllkirch-Graffenstaden / Illzach
61%
WWittenheim / Wittelsheim / Wissembourg / Wintzenheim / Wasselonne
57%
OOstwald / Obernai / Oberhausbergen
50%
EErstein / Ensisheim / Eckbolsheim / Eschau
45%
AAltkirch
44%
GGuebwiller / Geispolsheim / Gambsheim
43%
LLingolsheim / Lutterbach / La Wantzenau
41%
TThann
36%
RRixheim / Riedisheim / Reichshoffen / Rosheim
27%
VVendenheim / Val-de-Moder
24%
KKingersheim / Kembs
22%
FFegersheim
14%
DDrusenheim
9%
PPfastatt
9%

Distribution des résultats

Percentile par nombre de réponses

% des personnes avec chaque résultat

Votre développement - résultats

Vous n’avez pas pris ce quiz depuis la dernière actualisation